|
|
|
|
| LEADER |
00000nam a2200000 a 4500 |
| 001 |
vtls008411455 |
| 003 |
SK-MaSNL |
| 005 |
20260301205210.0 |
| 008 |
240318s2005 xo l drp 000 0 slo |
| 015 |
|
|
|a SNBA2005/12-05444
|
| 020 |
|
|
|a 8089082076
|q (brož.)
|
| 035 |
|
|
|a 0134CCFD-ABCD-4730-ADC2-BC469967A4E0
|
| 035 |
|
|
|a urn:nbn:sk:snk-aml8fa
|
| 035 |
|
|
|a urn:nbn:sk:snk-am008sd8
|
| 040 |
|
|
|a SNK
|b slo
|c SNK
|e AACR2
|
| 041 |
0 |
|
|a slo
|
| 044 |
|
|
|a xo
|c SK
|
| 072 |
|
7 |
|a 621.38
|x Elektronika
|2 konspekt
|
| 080 |
|
|
|a (075.8)
|2 MDT-MRF
|
| 080 |
|
|
|a 621.38:535.8
|2 MDT-MRF
|
| 100 |
1 |
|
|a Turán, Ján,
|d 1951-
|4 aut
|9 190325
|
| 245 |
1 |
0 |
|a Optoelektronika. (Prednášky - prezentácie)
|
| 250 |
|
|
|a [1. vyd.]
|
| 260 |
|
|
|a [Košice]
|b Harlequin
|c 2005
|
| 300 |
|
|
|a 153 s.
|b sch., tab.
|c 24 cm
|
| 500 |
|
|
|a Sch. na tit. strane
|
| 504 |
|
|
|a Bibliogr. s. 152-153
|
| 650 |
0 |
7 |
|a optoelektronika
|2 SNKPH
|9 18278
|
| 655 |
|
7 |
|a učebnice vysokých škôl
|2 SNKPH
|9 70191
|
| 919 |
|
|
|a 80-89082-07-6
|
| 958 |
|
|
|a OND
|
| 968 |
|
|
|d 62
|
| 999 |
|
|
|c 909306
|d 911236
|
| 952 |
|
|
|a SNK
|b SNK
|y PREZ
|7 0
|p 17A0491510
|o snkSC 121862
|i snk2005/20058
|8 0
|0 0
|1 0
|4 0
|d 2005-11-24
|f 1
|l 0
|r 2025-06-02 00:00:00
|w 2026-02-24
|
| 952 |
|
|
|a SNK
|b SNK
|y VYP
|7 0
|p 17A0491521
|o snkSC 121862 D1
|i snk2005/20059
|8 0
|0 0
|1 0
|4 0
|d 2005-11-24
|l 0
|r 2026-02-24 07:39:04
|w 2026-02-24
|